000 01034nam a2200289 a 4500
001 43249
003 BD-RjUL
005 20211209053653.0
008 760911m19671955fr af 000 0 fre d
020 _a2010015533 (V-2)
020 _a2010080548 (V-1)
035 _a(BD-RjUL) 43367
040 _aNJB
_cNJB
_dMYG
_dBD-RjUL
_beng
041 _aeng
082 _223
_a448.2
_bMAC 1967
100 1 _aMauger, Gaston.
_9127315
245 1 0 _aCours de langue et de civilisation francaises :
_bouvrage couronne par l'Academie francaise /
_cG. Mauger.
250 _aRev. ed.
260 _aParis :
_bHachette,
_c1967
300 _aVol. :
_bill. ;
_c23 cm.
500 _a"Collection publiee sous le patronage de l' Alliance francaise."
505 0 _av. 1. 1er et 2e degres, avec...J. Lamaison et M.-A. Hameau. Rev. 1963.--v. 2. 3e et 4e degres, avec...J. Lamaison. Rev.
650 0 _aFrench language
_xGrammar.
_9127316
710 2 _aAlliance francaise.
_9132848
942 _2ddc
_cBK
949 _aMYGH
_v1
_b39080007778787
_v2
_b39080007778795
999 _c43249
_d43249